Épisodes de Tintin par extrait de 5 secondes #3 - Statistiques

Statistiques générales
  • Ce quiz a été pris 52 fois
  • Le résultat moyen est 15 sur 21
Statistiques - réponses
Hint Réponse % Correct
L'Étoile mystérieuse
94%
Vol 714 pour Sydney
94%
Tintin en Amérique
91%
Le Sceptre d'Ottokar
88%
On a marché sur la Lune
88%
Coke en stock
85%
Le Trésor de Rackham le Rouge
85%
Tintin au Tibet
82%
Tintin au pays de l'or noir
79%
Les Bijoux de la Castafiore
76%
Le Temple du Soleil
76%
L'Oreille cassée
73%
L'Affaire Tournesol
70%
Les Cigares du pharaon
70%
Objectif Lune
67%
Le Crabe aux pinces d'or
58%
Le Secret de La Licorne
58%
Les Sept Boules de cristal
55%
L'Île Noire
55%
Tintin et les Picaros
52%
Le Lotus bleu
45%
Aucun quiz correspondant
Distribution des résultats
% des personnes avec chaque résultat
Percentile par nombre de réponses
Votre historique - résultats
Vous n’avez pas pris ce quiz